[Event "FIN-ch Seniors 65"]
[Site "Helsinki"]
[Date "2022.04.17"]
[Round "3"]
[White "Hietala, Pekka"]
[Black "Lyly, Seppo"]
[Result "1-0"]
[WhiteElo "1925"]
[BlackElo "1908"]
[PlyCount "57"]
[EventDate "2022.04.15"]
[EventType "swiss"]
[EventRounds "9"]
[EventCountry "FIN"]
[SourceTitle "CBM 208 Extra"]
[Source "ChessBase"]
[SourceDate "2022.07.31"]
[SourceVersion "1"]
[SourceVersionDate "2022.07.31"]
[SourceQuality "1"]

1. c4 f5 2. Nf3 Nf6 3. b3 g6 4. Bb2 Bg7 5. d3 0-0 6. Nbd2 d6 7. e4 e5 8. g3 a5 9. a3 Nc6 10. Bg2 Qe7 11. 0-0 Bd7 12. Re1 h6 13. d4 fxe4 14. Nxe4 Nxe4 15. Rxe4 Bf5 16. Re3 Bg4 17. d5 Nd8 18. h3 Bxf3 19. Bxf3 Nf7 20. Bg4 Kh7 21. h4 Rae8 22. Qc2 Nd8 23. Rae1 Qf7 24. h5 Qf6 25. Rf3 Qg5 26. hxg6+ Kh8 27. Bf5 Rf6 28. Bc1 Qh5 29. g4 1-0

[Event "Naantali Avoin op"]
[Site "Naantali"]
[Date "2017.07.07"]
[Round "7"]
[White "Lyly, Seppo"]
[Black "Linden, Lari"]
[Result "0-1"]
[WhiteElo "1912"]
[BlackElo "2131"]
[PlyCount "86"]
[EventDate "2017.07.03"]
[EventType "swiss"]
[EventRounds "7"]
[EventCountry "FIN"]
[SourceTitle "EXT 2018"]
[Source "ChessBase"]
[SourceDate "2017.10.13"]
[SourceVersion "1"]
[SourceVersionDate "2017.10.13"]
[SourceQuality "1"]

1. e4 c5 2. Nf3 e6 3. d4 cxd4 4. Nxd4 Nc6 5. g3 a6 6. Bg2 Qc7 7. 0-0 d6 8. Nc3 Bd7 9. Nxc6 Bxc6 10. Re1 Be7 11. Bf4 Rd8 12. Qe2 Nf6 13. e5 dxe5 14. Bxe5 Qc8 15. Bxc6+ Qxc6 16. Rad1 0-0 17. Rxd8 Rxd8 18. Rd1 Rc8 19. Rd2 Kf8 20. Qd1 Ke8 21. Qe2 h6 22. Rd4 b5 23. a3 Rd8 24. Rxd8+ Bxd8 25. Qd3 Be7 26. b4 g6 27. h3 h5 28. Ne2 Nd7 29. Bb2 Nb6 30. Qc3 Qxc3 31. Nxc3 Nc4 32. Bc1 f5 33. Kf1 Kd7 34. Ke2 Kc6 35. f4 Bf6 36. Nd1 Kd5 37. c3 e5 38. fxe5 Bxe5 39. Kf3 Bd6 40. Nf2 Ne5+ 41. Ke2 Kc4 42. Kd2 Nd7 43. g4 Bf4+ 0-1

[Event "Naantali Avoin op"]
[Site "Naantali"]
[Date "2016.07.08"]
[Round "7"]
[White "Patola, Eero"]
[Black "Lyly, Seppo"]
[Result "1/2-1/2"]
[WhiteElo "1901"]
[BlackElo "1900"]
[PlyCount "21"]
[EventDate "2016.07.04"]
[EventType "swiss"]
[EventRounds "9"]
[EventCountry "FIN"]
[SourceTitle "EXT 2017"]
[Source "ChessBase"]
[SourceDate "2016.10.25"]
[SourceVersion "1"]
[SourceVersionDate "2016.10.25"]
[SourceQuality "1"]

1. e4 c5 2. c4 Nc6 3. Nc3 g6 4. g3 Bg7 5. Bg2 d6 6. d3 e6 7. Nge2 Nge7 8. 0-0 0-0 9. Rb1 Rb8 10. a3 a6 11. h3 1/2-1/2

[Event "Naantali Avoin op"]
[Site "Naantali"]
[Date "2016.07.06"]
[Round "4"]
[White "Riihimaki, Pekka"]
[Black "Lyly, Seppo"]
[Result "1-0"]
[WhiteElo "1957"]
[BlackElo "1900"]
[PlyCount "50"]
[EventDate "2016.07.04"]
[EventType "swiss"]
[EventRounds "9"]
[EventCountry "FIN"]
[SourceTitle "EXT 2017"]
[Source "ChessBase"]
[SourceDate "2016.10.25"]
[SourceVersion "1"]
[SourceVersionDate "2016.10.25"]
[SourceQuality "1"]

1. e4 c5 2. Nf3 d6 3. d4 cxd4 4. Nxd4 Nf6 5. Nc3 a6 6. Bg5 e6 7. f4 Be7 8. Qf3 Qc7 9. 0-0-0 Nbd7 10. Bd3 b5 11. Rhe1 Bb7 12. Qg3 0-0-0 13. e5 dxe5 14. fxe5 Nh5 15. Qh4 Bxg5+ 16. Qxg5 g6 17. Bxb5 Nb6 18. Bf1 h6 19. Qe3 Nc4 20. Bxc4 Qxc4 21. g4 Ng7 22. b3 Qb4 23. Kb2 Kb8 24. Ne4 Bxe4 25. Qxe4 h5 1-0

[Event "EU-chT Seniors 15th"]
[Site "Dresden"]
[Date "2013.07.23"]
[Round "4"]
[White "Lyly, Seppo"]
[Black "Muehle, Hans Bernd"]
[Result "1/2-1/2"]
[WhiteElo "1893"]
[BlackElo "1927"]
[PlyCount "58"]
[EventDate "2013.07.20"]
[EventType "team-swiss"]
[EventRounds "9"]
[EventCountry "GER"]
[SourceTitle "CBM 155 Extra"]
[Source "ChessBase"]
[SourceDate "2013.08.26"]
[SourceVersion "1"]
[SourceVersionDate "2013.08.26"]
[SourceQuality "1"]
[WhiteTeam "Helsinki"]
[BlackTeam "Dresden SV TUR"]
[WhiteTeamCountry "FIN"]
[BlackTeamCountry "GER"]

1. e4 e5 2. Nf3 Nc6 3. Bb5 a6 4. Ba4 Nf6 5. d3 b5 6. Bb3 Be7 7. c3 d6 8. 0-0 0-0 9. Re1 Na5 10. Bc2 c5 11. Nbd2 Bg4 12. Nf1 Qc7 13. Ne3 Bd7 14. Bd2 Nc6 15. Rc1 Rfe8 16. Bb3 c4 17. dxc4 bxc4 18. Bxc4 Qb7 19. Qc2 Na5 20. Bd3 Rac8 21. Qb1 Be6 22. b3 Nh5 23. Nc2 Bg4 24. Nb4 Ra8 25. Be2 Nc6 26. Nd5 Bd8 27. h3 Bxf3 28. Bxf3 Nf6 29. Nxf6+ Bxf6 1/2-1/2

[Event "FIN-ch Seniors"]
[Site "Mantta"]
[Date "2013.06.15"]
[Round "5.4"]
[White "Lyly, Seppo"]
[Black "Hall, Raimo"]
[Result "1/2-1/2"]
[WhiteElo "1892"]
[BlackElo "1870"]
[PlyCount "118"]
[EventDate "2013.06.13"]
[EventType "swiss"]
[EventRounds "7"]
[EventCountry "FIN"]
[SourceTitle "EXT 2022"]
[Source "ChessBase"]
[SourceDate "2021.10.06"]
[SourceVersion "1"]
[SourceVersionDate "2021.10.06"]
[SourceQuality "1"]

1. c4 c5 2. Nc3 Nc6 3. Nf3 g6 4. d4 cxd4 5. Nxd4 Bg7 6. e3 d6 7. Be2 Nf6 8. 0-0 0-0 9. a3 Bd7 10. b4 a6 11. Bb2 Rc8 12. Nxc6 Bxc6 13. Qb3 Ne4 14. Nxe4 Bxe4 15. Bxg7 Kxg7 16. f3 Bf5 17. Rfd1 Be6 18. Qc3+ Kg8 19. Qd4 Qc7 20. Rac1 Rfd8 21. Kf2 Qb8 22. a4 Bd7 23. a5 Ba4 24. Rh1 Qc7 25. h4 e5 26. Qg4 Qe7 27. Bd3 Bd7 28. Qg5 Qxg5 29. hxg5 Be6 30. Rh6 Kg7 31. Rch1 Rh8 32. Rc1 f6 33. f4 fxg5 34. fxg5 Rhf8+ 35. Kg3 Rc7 36. Rch1 Bg8 37. R6h4 Rfc8 38. Be2 Kf8 39. Rd1 Ke7 40. Rf1 Rf8 41. Rxf8 Kxf8 42. Kf2 Kg7 43. Ke1 Be6 44. Bd3 d5 45. c5 Bd7 46. Kd2 Rc8 47. Rh1 Rf8 48. Rf1 Rxf1 49. Bxf1 Kf7 50. Be2 Ke7 51. Kc3 Kd8 52. Bf3 Bc6 53. Bg4 Ke7 54. g3 Bd7 55. Bf3 Be6 56. Be2 Bd7 57. Bf3 Bc6 58. Bg4 Bd7 59. Bxd7 Kxd7 1/2-1/2

[Event "FIN-ch Seniors"]
[Site "Mantta"]
[Date "2013.06.13"]
[Round "2.3"]
[White "Aijala, Jouko"]
[Black "Lyly, Seppo"]
[Result "1-0"]
[WhiteElo "2130"]
[BlackElo "1892"]
[PlyCount "109"]
[EventDate "2013.06.13"]
[EventType "swiss"]
[EventRounds "7"]
[EventCountry "FIN"]
[SourceTitle "EXT 2022"]
[Source "ChessBase"]
[SourceDate "2021.10.06"]
[SourceVersion "1"]
[SourceVersionDate "2021.10.06"]
[SourceQuality "1"]

1. d4 Nf6 2. c4 g6 3. g3 d5 4. cxd5 Nxd5 5. Nf3 Bg7 6. Bg2 0-0 7. 0-0 c6 8. e4 Nb6 9. h3 a5 10. Nc3 Na6 11. Rb1 Nc7 12. b3 Ne6 13. Be3 f5 14. Qd2 fxe4 15. Nxe4 Nd5 16. Bh6 Qb6 17. Bxg7 Kxg7 18. Rfd1 Bd7 19. Neg5 h6 20. Ne5 Bc8 21. Ngf3 Nec7 22. Nh4 Rf6 23. Ng4 Bxg4 24. hxg4 Qb4 25. Rbc1 Raf8 26. f4 Qxd2 27. Rxd2 Ne3 28. Re1 Ncd5 29. Bxd5 Nxd5 30. Nf3 Rd6 31. Ne5 Re6 32. Rc1 Ra8 33. a3 Rf6 34. Rd3 Rff8 35. Nd7 Rfd8 36. Nc5 Rdb8 37. Kf2 Nf6 38. Kf3 Kf7 39. Rh1 b6 40. Ne4 Nxe4 41. Kxe4 Kg7 42. Rc3 Rc8 43. Rhc1 c5 44. dxc5 bxc5 45. Rxc5 Rxc5 46. Rxc5 Rb8 47. Rc3 Kf6 48. Kd3 e6 49. Kc2 Rb5 50. Rc6 h5 51. gxh5 gxh5 52. Kc3 Kf5 53. Kc4 Rd5 54. b4 axb4 55. axb4 1-0

[Event "FIN-chT1 West 1213"]
[Site "Finland"]
[Date "2012.10.27"]
[Round "2.8"]
[White "Rautanen, Sari"]
[Black "Lyly, Seppo"]
[Result "1-0"]
[WhiteElo "1955"]
[BlackElo "1907"]
[PlyCount "55"]
[EventDate "2012.09.29"]
[EventType "team-tourn"]
[EventRounds "7"]
[EventCountry "FIN"]
[SourceTitle "EXT 2019"]
[Source "ChessBase"]
[SourceDate "2018.10.10"]
[SourceVersion "1"]
[SourceVersionDate "2018.10.10"]
[SourceQuality "1"]
[WhiteTeam "Vantaa EtVaS II"]
[BlackTeam "Helsinki KS 58"]
[WhiteTeamCountry "FIN"]
[BlackTeamCountry "FIN"]

1. e4 c5 2. Nf3 g6 3. d3 Bg7 4. g3 Nc6 5. Bg2 e6 6. 0-0 Nge7 7. c3 0-0 8. d4 cxd4 9. cxd4 d5 10. e5 Bd7 11. Nc3 a6 12. Bf4 b5 13. Qd2 Qb6 14. g4 f6 15. Rfe1 fxe5 16. dxe5 Rac8 17. Rac1 b4 18. Ne2 a5 19. Be3 Qb8 20. Bc5 Rxf3 21. Bd6 Qb6 22. Bxf3 Rf8 23. Rxc6 Bxc6 24. Nd4 Rf7 25. Nxe6 Rxf3 26. Bxe7 Bh6 27. g5 Bd7 28. Nd4 1-0

[Event "EU-ch Seniors 12th"]
[Site "Kaunas"]
[Date "2012.08.23"]
[Round "6"]
[White "Lyly, Seppo"]
[Black "Andersson, Finn"]
[Result "1/2-1/2"]
[WhiteElo "1911"]
[BlackElo "1995"]
[PlyCount "56"]
[EventDate "2012.08.18"]
[EventType "swiss"]
[EventRounds "9"]
[EventCountry "LTU"]
[SourceTitle "CBM 150 Extra"]
[Source "ChessBase"]
[SourceDate "2012.10.19"]
[SourceVersion "1"]
[SourceVersionDate "2012.10.19"]
[SourceQuality "1"]

1. e4 e5 2. Nf3 Nc6 3. Bb5 a6 4. Ba4 Nf6 5. 0-0 Be7 6. Re1 b5 7. Bb3 0-0 8. c3 d6 9. h3 h6 10. d4 Na5 11. dxe5 dxe5 12. Qxd8 Rxd8 13. Nxe5 Nxb3 14. axb3 Bb7 15. Nd2 c5 16. Nef3 Rd7 17. e5 Ne8 18. Ne4 Nc7 19. Bf4 Ne6 20. Bg3 Ng5 21. Nfxg5 hxg5 22. f3 Rad8 23. Bf2 Rd5 24. Bg3 f5 25. exf6 Bxf6 26. Nxf6+ gxf6 27. Re7 Rd1+ 28. Rxd1 Rxd1+ 1/2-1/2

[Event "EU-ch Seniors 12th"]
[Site "Kaunas"]
[Date "2012.08.20"]
[Round "3"]
[White "Zhelesny, Stanislav"]
[Black "Lyly, Seppo"]
[Result "1/2-1/2"]
[WhiteElo "2149"]
[BlackElo "1911"]
[PlyCount "20"]
[EventDate "2012.08.18"]
[EventType "swiss"]
[EventRounds "9"]
[EventCountry "LTU"]
[SourceTitle "CBM 150 Extra"]
[Source "ChessBase"]
[SourceDate "2012.10.19"]
[SourceVersion "1"]
[SourceVersionDate "2012.10.19"]
[SourceQuality "1"]

1. d4 Nf6 2. Nf3 g6 3. g3 Bg7 4. c4 0-0 5. Bg2 d5 6. cxd5 Nxd5 7. 0-0 Nb6 8. h3 c6 9. Nc3 Na6 10. Bf4 Nc7 1/2-1/2

[Event "Heart of Finland op 22nd"]
[Site "Jyvaskyla"]
[Date "2012.07.15"]
[Round "9"]
[White "Lyly, Seppo"]
[Black "Eloranta, Kari"]
[Result "1/2-1/2"]
[WhiteElo "1926"]
[BlackElo "2067"]
[PlyCount "46"]
[EventDate "2012.07.09"]
[EventType "swiss"]
[EventRounds "9"]
[EventCountry "FIN"]
[SourceTitle "EXT 2022"]
[Source "ChessBase"]
[SourceDate "2021.10.06"]
[SourceVersion "1"]
[SourceVersionDate "2021.10.06"]
[SourceQuality "1"]

1. e4 c5 2. Nf3 e6 3. d4 cxd4 4. Nxd4 Nc6 5. g3 a6 6. Bg2 Qc7 7. Be3 Nf6 8. 0-0 Be7 9. Nc3 0-0 10. Qe2 d6 11. Rad1 Bd7 12. Kh1 Rac8 13. f4 b5 14. a3 Na5 15. Bc1 Nc4 16. Nb1 Nb6 17. Nc3 Nc4 18. Nb1 Na5 19. Nc3 Qc4 20. e5 Ne8 21. Qxc4 Rxc4 22. exd6 Nxd6 23. Nb3 Nxb3 1/2-1/2

[Event "FIN-ch Seniors"]
[Site "Helsinki"]
[Date "2012.06.16"]
[Round "6"]
[White "Tikka, Erkki"]
[Black "Lyly, Seppo"]
[Result "0-1"]
[WhiteElo "1786"]
[BlackElo "1939"]
[PlyCount "86"]
[EventDate "2012.06.11"]
[EventType "swiss"]
[EventRounds "11"]
[EventCountry "FIN"]
[SourceTitle "EXT 2022"]
[Source "ChessBase"]
[SourceDate "2021.10.06"]
[SourceVersion "1"]
[SourceVersionDate "2021.10.06"]
[SourceQuality "1"]

1. e4 c5 2. Nf3 g6 3. d4 Bg7 4. dxc5 Qa5+ 5. c3 Qxc5 6. Be3 Qc7 7. Bd3 d6 8. 0-0 Nf6 9. h3 0-0 10. Nbd2 Nc6 11. Rc1 Bd7 12. Nb3 Na5 13. Nxa5 Qxa5 14. Bb1 Bc6 15. Nd2 b5 16. f3 Rad8 17. Nb3 Qc7 18. Nd4 Bd7 19. Qb3 a6 20. c4 Qb7 21. cxb5 axb5 22. Bd3 Rb8 23. Rc2 e5 24. Ne2 Be6 25. Qb4 Rfd8 26. Rfc1 Ne8 27. b3 Bf8 28. Qa5 d5 29. Bc5 Nd6 30. exd5 Bxd5 31. Bf2 Bxf3 32. gxf3 Qxf3 33. Rd2 Bh6 34. Rcd1 Bxd2 35. Qxd2 Nf5 36. Qc2 e4 37. Bxb5 Rxd1+ 38. Qxd1 Rxb5 39. Qd8+ Kg7 40. Nd4 Qd3 41. Nxf5+ Rxf5 42. Bd4+ Kh6 43. Qh4+ Rh5 0-1

[Event "FIN-ch Seniors"]
[Site "Helsinki"]
[Date "2012.06.15"]
[Round "5"]
[White "Auvinen, Esa"]
[Black "Lyly, Seppo"]
[Result "1-0"]
[WhiteElo "1932"]
[BlackElo "1939"]
[PlyCount "81"]
[EventDate "2012.06.11"]
[EventType "swiss"]
[EventRounds "11"]
[EventCountry "FIN"]
[SourceTitle "EXT 2022"]
[Source "ChessBase"]
[SourceDate "2021.10.06"]
[SourceVersion "1"]
[SourceVersionDate "2021.10.06"]
[SourceQuality "1"]

1. e4 e5 2. Nf3 Nc6 3. Bb5 a6 4. Bxc6 dxc6 5. d4 exd4 6. Qxd4 Qxd4 7. Nxd4 Bd7 8. Nc3 0-0-0 9. Be3 Bb4 10. Nde2 Ne7 11. 0-0-0 Rhe8 12. f3 Ng6 13. Na4 f6 14. Bc5 Bxc5 15. Nxc5 Re5 16. Nxd7 Rxd7 17. Rxd7 Kxd7 18. g3 f5 19. Nc3 fxe4 20. Nxe4 Ke7 21. Re1 Kd8 22. f4 Re7 23. Kd2 Nf8 24. Nc5 Rxe1 25. Kxe1 Kc8 26. Ke2 a5 27. Ke3 b6 28. Nd3 Kd7 29. Ke4 Kd6 30. f5 Nd7 31. g4 Nf6+ 32. Kf3 g5 33. fxg6 hxg6 34. Kf4 Ke6 35. Kg5 c5 36. Nf4+ Kf7 37. Nxg6 Nxg4 38. Kxg4 Kxg6 39. Kf4 c4 40. Ke5 b5 41. Kd5 1-0

[Event "FIN-ch Seniors"]
[Site "Helsinki"]
[Date "2012.06.14"]
[Round "4"]
[White "Lyly, Seppo"]
[Black "Alkkiomaki, Jyrki"]
[Result "0-1"]
[WhiteElo "1939"]
[BlackElo "2038"]
[PlyCount "72"]
[EventDate "2012.06.11"]
[EventType "swiss"]
[EventRounds "11"]
[EventCountry "FIN"]
[SourceTitle "EXT 2022"]
[Source "ChessBase"]
[SourceDate "2021.10.06"]
[SourceVersion "1"]
[SourceVersionDate "2021.10.06"]
[SourceQuality "1"]

1. e4 e5 2. Nf3 Nc6 3. Bb5 a6 4. Ba4 Nf6 5. 0-0 Be7 6. Re1 b5 7. Bb3 d6 8. c3 0-0 9. h3 Na5 10. Bc2 c5 11. d4 Qc7 12. Nbd2 Bd7 13. Nf1 Rac8 14. dxe5 dxe5 15. Ne3 Rcd8 16. Qe2 Be6 17. b3 h6 18. Nh2 Nc6 19. Nhg4 b4 20. Bb2 bxc3 21. Bxc3 Nxg4 22. hxg4 Nd4 23. Bxd4 cxd4 24. Nd5 Qd6 25. Nxe7+ Qxe7 26. Bd3 a5 27. f3 Rc8 28. Rec1 Rfd8 29. Ba6 Rc5 30. Rc2 Qa7 31. Bd3 Rxc2 32. Qxc2 Rc8 33. Qd2 Qc5 34. Kh2 Qa3 35. Kg3 Bxb3 36. f4 Rc3 0-1

[Event "FIN-ch Seniors"]
[Site "Helsinki"]
[Date "2012.06.12"]
[Round "2"]
[White "Jalo, Pentti"]
[Black "Lyly, Seppo"]
[Result "1/2-1/2"]
[WhiteElo "1794"]
[BlackElo "1939"]
[PlyCount "48"]
[EventDate "2012.06.11"]
[EventType "swiss"]
[EventRounds "11"]
[EventCountry "FIN"]
[SourceTitle "EXT 2022"]
[Source "ChessBase"]
[SourceDate "2021.10.06"]
[SourceVersion "1"]
[SourceVersionDate "2021.10.06"]
[SourceQuality "1"]

1. c4 c5 2. Nf3 Nc6 3. Nc3 g6 4. a3 Bg7 5. g3 e6 6. e4 Nge7 7. Bg2 d6 8. 0-0 0-0 9. d3 Rb8 10. Qc2 a6 11. Bd2 b5 12. Rab1 b4 13. Ne2 Bd7 14. axb4 Nxb4 15. Bxb4 Rxb4 16. Nd2 Qb6 17. Nc3 Rb8 18. b3 Qc7 19. Na2 R4b6 20. Rfe1 Nc6 21. Nf3 Na5 22. Nd2 Bc6 23. Nc3 Rb4 24. Na2 R4b6 1/2-1/2

[Event "FIN-ch Seniors"]
[Site "Helsinki"]
[Date "2012.06.11"]
[Round "1"]
[White "Lyly, Seppo"]
[Black "Kivipelto, Kaj Erik"]
[Result "1/2-1/2"]
[WhiteElo "1939"]
[BlackElo "2184"]
[PlyCount "83"]
[EventDate "2012.06.11"]
[EventType "swiss"]
[EventRounds "11"]
[EventCountry "FIN"]
[SourceTitle "EXT 2022"]
[Source "ChessBase"]
[SourceDate "2021.10.06"]
[SourceVersion "1"]
[SourceVersionDate "2021.10.06"]
[SourceQuality "1"]

1. e4 Nf6 2. e5 Nd5 3. d4 d6 4. Nf3 Nb6 5. Be2 g6 6. exd6 cxd6 7. 0-0 Bg7 8. c4 0-0 9. Nc3 Nc6 10. b3 Bg4 11. Be3 d5 12. c5 Nc8 13. Qd2 e6 14. h3 Bxf3 15. Bxf3 N8e7 16. Rad1 Nf5 17. Ne2 Nh4 18. Bg4 h5 19. Bg5 Bf6 20. Bxh4 Bxh4 21. Bf3 Bg5 22. Qc3 Qf6 23. b4 a6 24. a4 a5 25. b5 Nb4 26. Rb1 Qf5 27. Rxb4 axb4 28. Qxb4 Qc2 29. Ra1 Bd2 30. Qa3 Qc4 31. Ra2 Qb4 32. Qd3 Bh6 33. Nc3 Rfd8 34. g3 Bg7 35. Rd2 Qa3 36. Kg2 Qb4 37. h4 Rab8 38. Rd1 Rbc8 39. Rd2 Qb3 40. Bd1 Qb4 41. Bf3 Qb3 42. Bd1 1/2-1/2

[Event "EU-chT Seniors"]
[Site "Rogaska Slatina"]
[Date "2012.04.03"]
[Round "8.18"]
[White "Hellwege, Werner"]
[Black "Lyly, Seppo"]
[Result "1/2-1/2"]
[WhiteElo "2029"]
[BlackElo "1939"]
[PlyCount "31"]
[EventDate "2012.03.27"]
[EventType "team-swiss"]
[EventRounds "9"]
[EventCountry "SLO"]
[SourceTitle "CBM 147 Extra"]
[Source "ChessBase"]
[SourceDate "2012.04.24"]
[SourceVersion "1"]
[SourceVersionDate "2012.04.24"]
[SourceQuality "1"]
[WhiteTeam "Niedersachsen (Seniors)"]
[BlackTeam "Finland (Seniors) II"]
[WhiteTeamCountry "GER"]
[BlackTeamCountry "FIN"]

1. d4 Nf6 2. Nf3 g6 3. c4 Bg7 4. Nc3 d5 5. e3 0-0 6. Qb3 dxc4 7. Bxc4 e6 8. 0-0 Nc6 9. Qa3 b6 10. Bd2 Bb7 11. Ba6 Bxa6 12. Qxa6 Qc8 13. Qa4 Qb7 14. Rac1 a6 15. Ne2 Ne7 16. Bb4 1/2-1/2

[Event "EU-chT Seniors"]
[Site "Rogaska Slatina"]
[Date "2012.04.01"]
[Round "6.14"]
[White "Habershon, Paul F"]
[Black "Lyly, Seppo"]
[Result "1-0"]
[WhiteElo "2122"]
[BlackElo "1939"]
[PlyCount "45"]
[EventDate "2012.03.27"]
[EventType "team-swiss"]
[EventRounds "9"]
[EventCountry "SLO"]
[SourceTitle "CBM 147 Extra"]
[Source "ChessBase"]
[SourceDate "2012.04.24"]
[SourceVersion "1"]
[SourceVersionDate "2012.04.24"]
[SourceQuality "1"]
[WhiteTeam "England (Seniors) II"]
[BlackTeam "Finland (Seniors) II"]
[WhiteTeamCountry "ENG"]
[BlackTeamCountry "FIN"]

1. e4 c5 2. Nc3 Nc6 3. f4 g6 4. Nf3 Bg7 5. Bc4 e6 6. f5 Nge7 7. fxe6 fxe6 8. d3 0-0 9. 0-0 d5 10. Bb3 Nd4 11. Nxd4 Bxd4+ 12. Kh1 Rxf1+ 13. Qxf1 Qf8 14. Qxf8+ Kxf8 15. Bh6+ Ke8 16. Rf1 dxe4 17. Rf8+ Kd7 18. Nxe4 Kc6 19. c3 Be5 20. Bxe6 Bxe6 21. Rxa8 Bxa2 22. Rxa7 Bb1 23. Nf2 1-0

[Event "EU-chT Seniors"]
[Site "Rogaska Slatina"]
[Date "2012.03.29"]
[Round "3.18"]
[White "Lyly, Seppo"]
[Black "Djurkovic, Maks"]
[Result "0-1"]
[WhiteElo "1939"]
[BlackElo "2130"]
[PlyCount "86"]
[EventDate "2012.03.27"]
[EventType "team-swiss"]
[EventRounds "9"]
[EventCountry "SLO"]
[SourceTitle "CBM 147 Extra"]
[Source "ChessBase"]
[SourceDate "2012.04.24"]
[SourceVersion "1"]
[SourceVersionDate "2012.04.24"]
[SourceQuality "1"]
[WhiteTeam "Finland (Seniors) II"]
[BlackTeam "Celje Sentjur (Seniors)"]
[WhiteTeamCountry "FIN"]
[BlackTeamCountry "SLO"]

1. e4 d6 2. d4 Nf6 3. Nc3 c6 4. Nf3 Qa5 5. Bd3 e5 6. 0-0 Bg4 7. dxe5 dxe5 8. Bd2 Qc7 9. Be2 h6 10. Nh4 Be6 11. Kh1 b5 12. Bd3 Nbd7 13. f4 exf4 14. Bxf4 Bd6 15. Bxd6 Qxd6 16. Nf5 Bxf5 17. exf5 0-0 18. Ne4 Qe5 19. Nxf6+ Nxf6 20. c3 Rad8 21. Qf3 Rd6 22. Rfe1 Qc5 23. Rad1 Rfd8 24. Bc2 Rd2 25. Bb3 R8d6 26. Qf4 Rxd1 27. Rxd1 Rxd1+ 28. Bxd1 Nd7 29. Bb3 Ne5 30. h3 Qd6 31. Qe4 Kf8 32. Qe2 f6 33. Qd1 Ke7 34. Qxd6+ Kxd6 35. Bc2 Nc4 36. b3 Ne3 37. Bd3 Nd1 38. Bc2 Nxc3 39. a3 b4 40. a4 Ne2 41. g4 Nd4 42. Bd1 c5 43. Kg2 c4 0-1

[Event "Nordic-ch Seniors"]
[Site "Reykjavik"]
[Date "2011.09.17"]
[Round "8"]
[White "Gunnlaugsson, Gisli"]
[Black "Lyly, Seppo"]
[Result "1/2-1/2"]
[WhiteElo "1846"]
[BlackElo "1937"]
[PlyCount "46"]
[EventDate "2011.09.10"]
[EventType "swiss"]
[EventRounds "9"]
[EventCountry "ISL"]
[SourceTitle "CBM 144 Extra"]
[Source "ChessBase"]
[SourceDate "2011.10.28"]
[SourceVersion "1"]
[SourceVersionDate "2011.10.28"]
[SourceQuality "1"]

1. e4 e5 2. Nf3 Nc6 3. Bb5 a6 4. Ba4 Nf6 5. 0-0 Be7 6. Re1 b5 7. Bb3 d6 8. c3 0-0 9. h3 Na5 10. Bc2 c5 11. d4 Nc6 12. Nbd2 Qc7 13. Nf1 Bb7 14. Ng3 Nd7 15. Nf5 Bf6 16. dxc5 dxc5 17. Be3 Rad8 18. Qe2 Ne7 19. Ng3 Ng6 20. Nh5 Be7 21. Red1 Nf6 22. Nxf6+ Bxf6 23. Nh2 Be7 1/2-1/2